Partnership in Islam / (Record no. 587205)

000 -LEADER
fixed length control field 00409nam a22001457a 4500
020 ## - INTERNATIONAL STANDARD BOOK NUMBER
International Standard Book Number 9789695570272
082 ## - DEWEY DECIMAL CLASSIFICATION NUMBER
Classification number 340.59
100 ## - MAIN ENTRY--PERSONAL NAME
Personal name Nyazee, Imran Ahsan Khan
245 ## - TITLE STATEMENT
Title Partnership in Islam /
Statement of responsibility, etc. Imran Ahsan Khan Nyazee
260 ## - PUBLICATION, DISTRIBUTION, ETC.
Place of publication, distribution, etc. Rawalpindi :
Name of publisher, distributor, etc. Federal Law House,
Date of publication, distribution, etc. 2007.
300 ## - PHYSICAL DESCRIPTION
Extent 447 p. ;
Dimensions 22 cm.
942 ## - ADDED ENTRY ELEMENTS (KOHA)
Source of classification or shelving scheme
Koha item type Book
Holdings
Withdrawn status Lost status Source of classification or shelving scheme Damaged status Not for loan Permanent Location Current Location Date acquired Source of acquisition Full call number Barcode Date last seen Price effective from Koha item type Total Checkouts
          NUST Law School (NLS) NUST Law School (NLS) 12/08/2021 Federal Law House 340.59 NYA CL-731 12/08/2021 12/08/2021 Book  
          NUST Law School (NLS) NUST Law School (NLS) 03/03/2025   340.59 NYA NLS-662 03/03/2025 03/03/2025 Book  
          NUST Law School (NLS) NUST Law School (NLS) 03/03/2025   340.59 NYA NLS-663 03/03/2025 03/03/2025 Book  
          NUST Law School (NLS) NUST Law School (NLS) 03/03/2025   340.59 NYA NLS-664 03/03/2025 03/03/2025 Book  
          NUST Law School (NLS) NUST Law School (NLS) 03/03/2025   340.59 NYA NLS-665 03/03/2025 03/03/2025 Book  
          NUST Law School (NLS) NUST Law School (NLS) 06/28/2025   340.59 NYA NLS-2673 06/28/2025 06/28/2025 Book  
          NUST Law School (NLS) NUST Law School (NLS) 06/28/2025   340.59 NYA NLS-2674 06/28/2025 06/28/2025 Book  
          NUST Law School (NLS) NUST Law School (NLS) 06/28/2025   340.59 NYA NLS-2675 06/28/2025 06/28/2025 Book  
          NUST Law School (NLS) NUST Law School (NLS) 06/28/2025   340.59 NYA NLS-2676 06/28/2025 06/28/2025 Book  
© 2023 Central Library, National University of Sciences and Technology. All Rights Reserved.